| 000 | 00652nam a2200205 i 4500 | ||
|---|---|---|---|
| 001 | 88098 | ||
| 003 | ES-MaACL | ||
| 005 | 20230906175813.0 | ||
| 007 | t| | ||
| 008 | 050103s1952 sp ||||1| spa d | ||
| 100 | 1 |
_aLage, Guillermo. _969566 |
|
| 245 | 1 | 3 |
_aEl primer hospital de La Habana / _cGuillermo Lage ; prólogo de Enrique Saladrigas. |
| 260 |
_aLa Habana : _b[s.n., _c1952] ( _fImp. Neptuno) |
||
| 300 |
_a41 p. ; _c23 cm. |
||
| 490 | 1 | _aCuadernos de historia sanitaria | |
| 700 | 1 |
_aSaladrigas, Enriqe. _9101698 |
|
| 830 | 0 |
_aCuadernos de historia sanitaria _9231817 |
|
| 852 |
_aES-MaACL _j2005-F-13 _bR.40856 |
||
| 999 |
_c88098 _d88098 |
||